000 00719nam a2200229 4500
003 OSt
005 20240725030742.0
006 a
008 240725b |||||||| |||| 00| 0 eng d
020 _a9780070167186
040 _aDWCL-Main lib.
_cOC
082 _2Ninth edition
_aCirc. 651.7 L815b 2010
100 _aLocker, Kitty O.
245 _aBusiness and administrative communication /
250 _aNinth edition
260 _aN.Y. :
_bMcGraw-Hill/Irwin,
_cc2010.
300 _axxxi,
_b720 p. : ill. ;
_c28 cm.
504 _aIncludes bibliographical references & indexes.
650 _a1. Business Communication.
650 _a2. Communication in Management.
942 _2ddc
_n0
_cBK-CIRC
_eNinth edition
_kCirc.
999 _c2712
_d2712